10 Best-Selling Nintendo Switch Games (2021) - Statistics

General Stats
  • This quiz has been taken 58 times
  • The average score is 5 of 10
Answer Stats
Rank Amount of Money Game Name % Correct
1 $37.08 million Mario Kart 8 Deluxe
84%
6 $21.40 million Super Mario Odyssey
80%
4 $23.20 million The Legend of Zelda Breath of The Wild
73%
3 $24.77 million Super Smash Bros Ultimate
68%
2 $33.89 million Animal Crossing New Horizons
64%
5 $21.85 million Pokemon Sword | Pokemon Shield
50%
9 $12.45 million Splatoon 2
48%
7 $15.72 million Super Mario Party
30%
8 $13.57 million Pokemon: Let's go Pikachu! | Let's go Eevee!
25%
10 $11.26 million Ring Fit Adventure
18%
No matching quizzes found
Score Distribution
Percent of People with Each Score
Percentile by Number Answered
Your Score History
You have not taken this quiz